History Quiz

Random History or State Quiz
Score 0/15 Timer 03:00
4 Plays Today
Question Answer % Correct
US Presidents???
95.2%
Assassinated Presidents???
85.3%
Appeared on Paper Money???
81.2%
Political Parties of U.S. Presidents???
79.7%
Original 13 Colonies???
71.4%
US Territories???
69.4%
20th Century Domestic Programs???
65.5%
State Capitals???
62.8%
Question Answer % Correct
Years the US Was at War???
53.4%
Presidents Who Died in Office???
51.5%
US Army 4-Star Generals???
45.6%
Acts Imposed upon the Colonies???
41.6%
States Admitted in the 20th Century???
37.6%
US Secretaries of State???
37.2%
Civil War Battles???
29.2%
Remove Ads.
Support Sporcle.
Get the best of Sporcle when you Go Orange. This ad-free experience offers more features, more stats, and more fun while also helping to support Sporcle. Thank you for becoming a member.

You're not logged in!

Compare scores with friends on all Sporcle quizzes.
OR
Log In

Show Comments

Extras

Top Quizzes Today


Score Distribution

Your Account Isn't Verified!

In order to create a playlist on Sporcle, you need to verify the email address you used during registration. Go to your Sporcle Settings to finish the process.

Report this User

Report this user for behavior that violates our Community Guidelines.

Details: